| 000 | 01079cab a2200277 4500 | ||
|---|---|---|---|
| 001 | WB3427-32 | ||
| 008 | 090401t1998 xxu||||| |||| 00| 0 eng d | ||
| 035 | _a(Sirsi) u87462 | ||
| 041 | _aeng | ||
| 245 | _aCoalfield communities` new start | ||
| 260 | _c1998 | ||
| 350 | _a0 | ||
| 490 |
_aDETR News Release _v(582) 13 July 1998, |
||
| 490 |
_aEnglish Partnerships Press Release _v13 July 1998, (5) |
||
| 520 | _aAnnounces new sources of funding - a Coalfields Regeneration Trust and a Coalfield Enterprise Fund to regenerate former coalfield communities. There will also be a Millennium Village in Allerton Bywater and new local regeneration partnerships. Outlines the Millennium Village competition launched by English Partnerships. | ||
| 650 | _aCOAL MINING AREAS | ||
| 650 | _aCOALFIELD COMMUNITIES | ||
| 650 | _aCOALFIELD ENTERPRISE FUND | ||
| 650 | _aCOALFIELDS REGENERATION TRUST | ||
| 650 | _aCOALFIELDS TASK FORCE | ||
| 650 | _aMILLENNIUM COMMUNITIES | ||
| 650 | _aMILLENNIUM VILLAGE | ||
| 690 | _aURBAN RENEWAL | ||
| 942 | _n0 | ||
| 948 | _c16/07/1998 | ||
| 999 |
_c55161 _d55161 |
||